01118nam a22003377a 4500001000700000003000900007005001700016007000300033008003500036040002200071082002900093092002100122100004300143245005700186260000600243264004700249300002800296336002700324337003500351338003000386490006200416490000600478590002600484650002200510650002300532650002600555910004100581942001200622952012900634999001700763001153DO-SdBPM20250801122715.0ta160817b1998 sp |||| 00| 0 spa d aBPMSUbspacBPMSU 4aPe863.6 bB916e 1998222 axxxxxxxbxxxxxxx1 aBryce Echenique, Alfredod1939-eautor10aEn ausencia de los dioses /cAlfredo Bryce Echenique b  a[Barcelona] :bEditorial Alfaguara,c1998. a96 páginas :c21 cm. atextobtxt2rdacontent asin mediación bn2rdamedia  avolumen bnc2rdacarrier 0 aBiblioteca de Literatura Universal ;aGrandes autores,v71 v  aInventariado, 2025/VM 7aCuentos peruanos. 7aLiteratura peruana 7aSociologíavCuentos aVMateo V. Control de calidad. BPMSU  2ddccBK 00102ddc708CGaBPMETbBPMETd2016-08-17eFUNDIl0oBPMSU CG Pe863.6 B916e 1998pBPMSU6080201r2016-08-17w2016-08-17yBK c11170d11170